| 000 | 00699nam a2200229 a 4500 | ||
|---|---|---|---|
| 001 | 000013516 | ||
| 005 | 20240530073916.0 | ||
| 008 | 091125s2003 xxu 000 f spa d | ||
| 040 |
_aDO-SdBNP _bspa _cBNPHU |
||
| 082 |
_aRD863.44 _bL937c |
||
| 100 | 1 |
_aLuciano, José F. _930852 |
|
| 245 | 1 | 0 |
_aCaminando / _cJosé F. Luciano. |
| 260 |
_aNew Jersey : _bEHP, _c2003. |
||
| 300 |
_a143 p. ; _c22 cm. |
||
| 490 | 1 | _aBiblioteca Autores Inmigrantes | |
| 500 | _aIncluye notas al pie de las páginas | ||
| 650 | 0 |
_aNovela dominicana _9223 |
|
| 650 | 0 |
_aLiteratura dominicana. _967 |
|
| 710 | 1 |
_aElite Hispanic Publications _930853 |
|
| 830 | 1 |
_aBiblioteca Autores Inmigrantes _930854 |
|
| 049 | _aBNPD | ||
| 999 |
_c13140 _d13140 |
||